ბათუმის შოთა რუსთაველის სახელმწიფო უნივერსიტეტის ბიბლიოთეკა

ბუნების დაცვა და ბუნებრივი რესურსების გამოყენება. (ბიბ.ჩანაწერი № 35411)

000 -LEADER
fixed length control field 00904nam a2200229Ia 4500
001 - CONTROL NUMBER
control field 1266
003 - CONTROL NUMBER IDENTIFIER
control field GE_BSU
008 - FIXED-LENGTH DATA ELEMENTS--GENERAL INFORMATION
fixed length control field 181216s||||||||xx |||||||||||||| ||und||
020 ## - INTERNATIONAL STANDARD BOOK NUMBER
International Standard Book Number 9789941910265
040 ## - CATALOGING SOURCE
Transcribing agency GE_BSU
080 ## - UNIVERSAL DECIMAL CLASSIFICATION NUMBER
Universal Decimal Classification number 574(075.8)
100 ## - MAIN ENTRY--PERSONAL NAME
Personal name ჟორჟოლიანი, ცირა,გორდაძე, ემზარ.
245 ## - TITLE STATEMENT
Title ბუნების დაცვა და ბუნებრივი რესურსების გამოყენება.
260 ## - PUBLICATION, DISTRIBUTION, ETC.
Place of publication, distribution, etc. ქუთაისი.
260 ## - PUBLICATION, DISTRIBUTION, ETC.
Name of publisher, distributor, etc. ლამპარის გამომცემლობა.
260 ## - PUBLICATION, DISTRIBUTION, ETC.
Date of publication, distribution, etc. 2010.
300 ## - PHYSICAL DESCRIPTION
Extent 715 გვ.19სმ.
653 ## - INDEX TERM--UNCONTROLLED
Uncontrolled term ბუნების დაცვა და ბუნებრივი რესურსების გამოყენება.
653 ## - INDEX TERM--UNCONTROLLED
Uncontrolled term ბუნების დაცვა.
942 ## - ADDED ENTRY ELEMENTS (KOHA)
Koha item type წიგნი
ეგზემპლარები
Withdrawn status Lost status Damaged status Not for loan Date acquired Barcode Date last seen Price effective from Koha item type
        2018-12-17 2700 2018-12-17 2018-12-17 წიგნი